000
00271nam a2200085Ia 4500
245
0
_a
Saviours and survivors : Darfur, politics and the war on terror
100
_a
Mamdani, Mahmood, Cape Town, 2009
_9
31892
942
_c
BK
008
210817s9999 xx 000 0 und d
999
_c
117797
_d
117794